Compounding effects on physical properties and rubber-metal bonding (Record no. 56102)

MARC details
000 -LEADER
fixed length control field 00401nam a2200145Ia 4500
100 ## - MAIN ENTRY--AUTHOR NAME
Personal name Del Vecchio R J
245 #0 - TITLE STATEMENT
Title Compounding effects on physical properties and rubber-metal bonding
260 ## - PUBLICATION, DISTRIBUTION, ETC. (IMPRINT)
Name of publisher Rubber World
Year of publication 2006
300 ## - PHYSICAL DESCRIPTION
Number of Pages 32-38
650 ## - SUBJECT ADDED ENTRY--TOPICAL TERM
Topical Term Compounding
650 ## - SUBJECT ADDED ENTRY--TOPICAL TERM
Topical Term Physical properties
650 ## - SUBJECT ADDED ENTRY--TOPICAL TERM
Topical Term Rubber-metal bonding
942 ## - ADDED ENTRY ELEMENTS (KOHA)
Koha item type Journals
Holdings
Withdrawn status Lost status Damaged status Not for loan Home library Current library Shelving location Date acquired Serial Enumeration / chronology Koha item type
      Journals RRII Library RRII Library Rubber chemistry 30/01/2007 Volume 235, Issue 2 Journals